000 00831nam a2200229Ii 4500
003 JO-AjNU
008 230605s9999||||xx |||||||||||||| ||und||
017 _a2009/5/1536
020 _a978-9957-23-142-2
040 _aJO-AjNU
_bara
_erda
_cJO-AjNU
041 _aara
050 1 4 _aBP190.5.M64.F8282 2009
100 3 _aفودة، سعيد عبد اللطيف,
_eauthor
_924817
245 0 0 _aمقالات نقدية في الحداثة والعلمانية =Critical Articles on Modernism and Secularism
250 _aط1
264 3 1 _aعمان: دار الفتح للدراسات والنشر، 2009
300 _a274ص
336 _atext
_btxt
_2rdacontent
337 _aunmediated
_bn
_2rdamedia
338 _avolume
_bnc
_2rdacarrier
650 4 _aالاسلام والحداثة- الاسلام والعلمانية
_924818
999 _aA9199
_c12767
_d12767